| 000 | 00000nam##2200000za#4500 |
| 001 | 9.603018 |
| 003 | CaOODSP |
| 005 | 20220107134004 |
| 007 | cr ||||||||||| |
| 008 | 150406|1996||||xxc|||||o f|0| 0 fre|d |
| 040 | |aCaOODSP|bfre |
| 043 | |an-cn--- |
| 086 | 1 |aH72-22/18-1996F-PDF |
| 110 | 2 |aCentre national d'information sur la violence dans la famille (Canada) |
| 245 | 13|aLa violence psychologique / |h[ressource électronique]|crédigé par Laura E. Stevens ... [et al.]. |
| 260 | |aOttawa - Ontario : |bSanté Canada. |cAvril 1996. |
| 300 | |a14p.|bréférences |
| 490 | 1 |aRenseignements du Centre national d'information sur la violence dans la famille |
| 500 | |a«Comme toute forme de violence apparaissant dans le cadre d’une relation, la violence psychologique, que l’on appelle aussi parfois».--Page 1 |
| 500 | |aLe n° de catalogue (H 72-22/18-1996F) et l'ISBN (0-662-81227-1) de l'édition imprimée ont été incorrectement copiés dans l'édition électronique. |
| 520 | 3 |a«Comme toute forme de violence apparaissant dans le cadre d’une relation, la violence psychologique, que l’on appelle aussi parfois».--Page 1 |
| 590 | |a11-31-Supp|b2011-12-13 |
| 691 | 07|aViolence familiale|2gcpds |
| 720 | 1 |aStevens, Laura E. |
| 830 | #0|aRenseignements du Centre national d'information sur la violence dans la famille.|w(CaOODSP)9.500887 |
| 856 | 40|ahttp://publications.gc.ca|qPDF|s65 Ko|uhttps://publications.gc.ca/collections/Collection/H72-22-18-1996F.pdf |